Liste des jeux Assassin's Creed - Statistiques

Statistiques générales
  • Ce quiz a été pris 112 fois
    59 depuis la dernière actualisation
  • Le résultat moyen est 12 sur 14
Statistiques - réponses
Période historique Année de sortie Réponse % Correct
Troisième croisade (XIIe siècle) 2007 Assassin's Creed
96%
Renaissance italienne (XVe siècle) 2009 Assassin's Creed II
96%
Révolution américaine (XVIIIe siècle) 2012 Assassin's Creed III
96%
Âge d'or de la piraterie (XVIIIe siècle) 2013 Assassin's Creed IV: Black Flag
96%
Égypte antique (Ier siècle av. J.-C.) 2017 Assassin's Creed Origins
90%
Âge des Vikings (IXe siècle) 2020 Assassin's Creed Valhalla
88%
Grèce antique (Ve siècle av. J.-C.) 2018 Assassin's Creed Odyssey
87%
Révolution française (XVIIIe siècle) 2014 Assassin's Creed Unity
87%
Révolution industrielle (XIXe siècle) 2015 Assassin's Creed Syndicate
81%
Âge d'or de l'Islam (IXe siècle) 2023 Assassin's Creed Mirage
79%
Guerre de Sept Ans (XVIIIe siècle) 2014 Assassin's Creed: Rogue
73%
Renaissance italienne (XVe siècle) 2010 Assassin's Creed: Brotherhood
69%
Époque Sengoku (xvie siècle) 2024 Assassin's Creed Shadows
69%
Renaissance italienne (XVe siècle) 2011 Assassin's Creed: Revelations
62%
Aucun quiz correspondant
Distribution des résultats
% des personnes avec chaque résultat
Percentile par nombre de réponses
Votre historique - résultats
Vous n’avez pas pris ce quiz depuis la dernière actualisation